000 00508nam a2200181Ia 4500
003 OSt
005 20201127132310.0
008 190216s9999||||xx |||||||||||||| ||und||
020 _a8122605370
040 _coclc
082 _a894.8123
_bPAR/M
100 _aParappurathu
_96301
245 0 _aManassukondu Oru Madakkayathra /
_cParappurathu
260 _bCurrent Books,
_aThrissur:
_c2006.
300 _a209p
650 _aNovel
942 _cBK
_2ddc
_h894.8123
_iPAR/M
_k894.8123
_mPAR/M
999 _c29449
_d29449